| 000 | 00413nam a2200133Ia 4500 | ||
|---|---|---|---|
| 005 | 20210429153911.0 | ||
| 008 | 210429s9999 xx 000 0 und d | ||
| 082 | _a660 Y29R | ||
| 100 |
_aAsif Yasir, Fsisal Iqbal, M. Abu Baker Khalid _955044 |
||
| 245 | _aRecovery and Reuse of Carbon Dioxide from Flue Gas Stream of Boilers with CD (UG-CHE-2016) | ||
| 260 |
_aSCME. _c2016 |
||
| 300 | _a97p. | ||
| 942 |
_2ddc _cTH |
||
| 999 |
_c561084 _d561084 |
||